| 000 | 00848nam a2200193 i 4500 | ||
|---|---|---|---|
| 001 | 189566 | ||
| 003 | SpMaBN | ||
| 005 | 20230906223513.0 | ||
| 008 | 190619s1876 fr ab |||| | fre d | ||
| 100 | 1 |
_aBarrois, Charles. _926037 |
|
| 245 | 1 | 0 |
_aRecherches sur le terrain crétacé supérieur de l'Angleterre et de l'Irlande / _cpar Charles Barrois. |
| 260 |
_aLille [Francia] : _b[s.n.], _c1876 ( _fImp. et Lib. Six-Horemans) |
||
| 300 |
_a232 p., [2] h. de mapas pleg. col. y n., [1] h. de lám. pleg. : _bil. ; _c28 cm. |
||
| 595 | _aExtrait des Mémoires de la Société Géologique du Nord, 1876. | ||
| 650 | 7 |
_aEstratigrafía- _zInglaterra. _9167369 |
|
| 650 | 7 |
_aEstratigrafía- _zIrlanda. _9167370 |
|
| 710 | 2 |
_aSociété Géologique du Nord. _9167368 |
|
| 852 |
_aES-MaACL _jL-32444 _z- Enc. hol. _z. - Legado Federico de Botella y de Hornos |
||
| 999 |
_c189566 _d189566 |
||